• 首页
  • 本馆介绍
  • 公告通知
  • 最新文献
  • 馆藏检索
  • 电子资源
  • 读者导购
  • 参考咨询
  • 我的图书馆
  • 登录
  • 详细信息显示
  • 放入我的书架
  • 预约/预借图书
  • 作者相关作品
  • 分类相关作品
  • 丛书相关作品
  • 出版社相关作品

书目信息

  • 表格格式
  • 工作单格式
  • 卡片格式
题名:
玻尔研究所的早年岁月
    
 
作者: 罗伯森 , Robertson 著 ;杨福家 , 卓益忠 , 曾谨言 译
分册:  
出版信息: 北京   科学出版社  1985
页数: 177页
开本: 19cm
丛书名:
单 册:
中图分类: G325.34 , O413.1-09
科图分类:
主题词: 量子力学--史料
电子资源:
ISBN:
000 00976nam0 2200325 45
001 0185003283
005 20040430141507.4
010    @b精装@dCNY2.20
091    @a13031.2785
100    @a19900816d1985 emky0chiy0121 ea
101 1  @achi@ceng
102    @aCN@b110000
105    @af z 000yd
106    @ar
200 10 @a玻尔研究所的早年岁月@Abo er yan jiu suo de zao nian sui yue@e1921-1930@f(丹麦)罗伯森(Robertson,P.)著@g杨福家等译
210    @a北京@c科学出版社@d1985
215    @a177页@c图@d19cm
300    @a根据Akademisk Forlag 1979年英文版译出
601 02 @a玻尔研究所@x历史
606    @a量子力学@x史料
690    @aG325.34@v3
690    @aO413.1-09@v3
701  1 @a罗伯森@Aluo bo sen@bP.@4著
701 A1 @aRobertson@bP.@4著
702  0 @a杨福家@Ayang fu jia@4译
702  0 @a卓益忠@Azhuo yi zhong@4译
702  0 @a曾谨言@Azeng jin yan@4译
801  0 @aCN@b深圳图书馆@c20031224
801  2 @aCN@bNLC@c20031224
905    @f1@b128489@dG325.34@e12
    
    玻尔研究所的早年岁月:1921-1930/(丹麦)罗伯森(Robertson,P.)著/杨福家等译.-北京:科学出版社,1985
    177页:图;19cm
    根据Akademisk Forlag 1979年英文版译出
    
    ISBN (精装):CNY2.20
    
●
相关链接 在E读中查询图书 在五车中查询图书 在当当中查询图书 在豆瓣中查询图书


正题名:玻尔研究所的早年岁月     索取号:G325.34/12         预约/预借

序号 登录号 条形码 馆藏地/架位号 状态 备注
1 0128489   000212399   第一样本阅览室/ [索取号:G325.34/12] 在馆    
2 0128490   001860515   密集书库/ [索取号:G325.34/12] 在馆    
3 0128491   001860882   密集书库/ [索取号:G325.34/12] 在馆    
唐山师范学院图书馆 欢迎您!
大连网信软件有限公司© 版权所有